000 00587nam a22001937a 4500
999 _c174093
_d174093
005 20200317124737.0
010 _aENG-128080
020 _a9789388028790
_c995.00
035 _aEN-111612
037 _bDBAD/PUB
082 _a004.6782
100 _aFoster,Ian
245 _aCloud Computing for Science and Engineering/
_cby Ian Foster [and] Dennis B.Gannon
260 _aDelhi
_bPHI Learning
_c2020
270 _a111,Patparganj Industrial Estate
_b Delhi
_e110092
300 _aix;372p.
_c24cm(pbk)
500 _aincludes index
942 _2ddc
_cEN
_h004.6782
_mFOS